<?xml version="1.0" encoding="UTF-8"?>
<record
    xmlns:xsi="http://www.w3.org/2001/XMLSchema-instance"
    xsi:schemaLocation="http://www.loc.gov/MARC21/slim http://www.loc.gov/standards/marcxml/schema/MARC21slim.xsd"
    xmlns="http://www.loc.gov/MARC21/slim">

  <leader>01570nam0a22003251  4500</leader>
  <controlfield tag="001">rc\4148166</controlfield>
  <controlfield tag="005">20260407063155.0</controlfield>
  <datafield tag="021" ind1=" " ind2=" ">
    <subfield code="a">RU</subfield>
    <subfield code="b">[47-13622]</subfield>
  </datafield>
  <datafield tag="035" ind1=" " ind2=" ">
    <subfield code="a">(NLR Aleph) 007991264</subfield>
  </datafield>
  <datafield tag="090" ind1=" " ind2=" ">
    <subfield code="a">8580906</subfield>
    <subfield code="c">8580906</subfield>
  </datafield>
  <datafield tag="100" ind1=" " ind2=" ">
    <subfield code="a">20130415d1947    |||y0rusy50      ca</subfield>
  </datafield>
  <datafield tag="101" ind1="0" ind2=" ">
    <subfield code="a">rus</subfield>
  </datafield>
  <datafield tag="102" ind1=" " ind2=" ">
    <subfield code="a">RU</subfield>
  </datafield>
  <datafield tag="105" ind1=" " ind2=" ">
    <subfield code="a">a   z   ||||b</subfield>
  </datafield>
  <datafield tag="200" ind1="1" ind2=" ">
    <subfield code="a">&#x418;&#x43E;&#x441;&#x438;&#x444; &#x412;&#x438;&#x441;&#x441;&#x430;&#x440;&#x438;&#x43E;&#x43D;&#x43E;&#x432;&#x438;&#x447; &#x421;&#x442;&#x430;&#x43B;&#x438;&#x43D;</subfield>
    <subfield code="e">&#x41A;&#x440;&#x430;&#x442;&#x43A;&#x430;&#x44F; &#x431;&#x438;&#x43E;&#x433;&#x440;&#x430;&#x444;&#x438;&#x44F;</subfield>
    <subfield code="f">&#x421;&#x43E;&#x441;&#x442;.: &#x410;&#x43B;&#x435;&#x43A;&#x441;&#x430;&#x43D;&#x434;&#x440;&#x43E;&#x432; &#x413;.&#x424;., &#x413;&#x430;&#x43B;&#x430;&#x43A;&#x442;&#x438;&#x43E;&#x43D;&#x43E;&#x432; &#x41C;.&#x420;., &#x41A;&#x440;&#x443;&#x436;&#x43A;&#x43E;&#x432; &#x412;.&#x421;. [&#x438; &#x434;&#x440;.]</subfield>
    <subfield code="g">&#x418;&#x43D;-&#x442; &#x41C;&#x430;&#x440;&#x43A;&#x441;&#x430;-&#x42D;&#x43D;&#x433;&#x435;&#x43B;&#x44C;&#x441;&#x430;-&#x41B;&#x435;&#x43D;&#x438;&#x43D;&#x430; &#x43F;&#x440;&#x438; &#x426;&#x41A; &#x412;&#x41A;&#x41F;(&#x431;)</subfield>
  </datafield>
  <datafield tag="205" ind1=" " ind2=" ">
    <subfield code="a">2-&#x435; &#x438;&#x437;&#x434;., &#x438;&#x441;&#x43F;&#x440;. &#x438; &#x434;&#x43E;&#x43F;.</subfield>
  </datafield>
  <datafield tag="210" ind1=" " ind2=" ">
    <subfield code="a">&#x41C;&#x43E;&#x441;&#x43A;&#x432;&#x430;</subfield>
    <subfield code="c">&#x413;&#x43E;&#x441;&#x43F;&#x43E;&#x43B;&#x438;&#x442;&#x438;&#x437;&#x434;&#x430;&#x442;</subfield>
    <subfield code="d">1947</subfield>
    <subfield code="g">&#x41E;&#x431;&#x440;&#x430;&#x437;&#x446;&#x43E;&#x432;&#x430;&#x44F; &#x442;&#x438;&#x43F;.</subfield>
  </datafield>
  <datafield tag="215" ind1=" " ind2=" ">
    <subfield code="a">243 &#x441;., 14 &#x43B;. &#x438;&#x43B;.</subfield>
    <subfield code="d">20</subfield>
  </datafield>
  <datafield tag="702" ind1=" " ind2="1">
    <subfield code="4">220</subfield>
    <subfield code="7">ca</subfield>
    <subfield code="8">rus</subfield>
    <subfield code="a">&#x413;&#x430;&#x43B;&#x430;&#x43A;&#x442;&#x438;&#x43E;&#x43D;&#x43E;&#x432;</subfield>
    <subfield code="b">&#x41C;. &#x420;.</subfield>
    <subfield code="c">&#x433;&#x43E;&#x441;. &#x434;&#x435;&#x44F;&#x442;&#x435;&#x43B;&#x44C;</subfield>
    <subfield code="f">1897-1948</subfield>
    <subfield code="g">&#x41C;&#x438;&#x445;&#x430;&#x438;&#x43B; &#x420;&#x43E;&#x43C;&#x430;&#x43D;&#x43E;&#x432;&#x438;&#x447;</subfield>
    <subfield code="9">190905</subfield>
    <subfield code="3">RU\NLR\AUTH\770190956</subfield>
  </datafield>
  <datafield tag="702" ind1=" " ind2="1">
    <subfield code="4">570</subfield>
    <subfield code="8">rus</subfield>
    <subfield code="7">ca</subfield>
    <subfield code="a">&#x421;&#x442;&#x430;&#x43B;&#x438;&#x43D;</subfield>
    <subfield code="b">&#x418;. &#x412;.</subfield>
    <subfield code="f">1879-1953</subfield>
    <subfield code="g">&#x418;&#x43E;&#x441;&#x438;&#x444; &#x412;&#x438;&#x441;&#x441;&#x430;&#x440;&#x438;&#x43E;&#x43D;&#x43E;&#x432;&#x438;&#x447;</subfield>
    <subfield code="3">RU\NLR\AUTH\773464</subfield>
    <subfield code="9">113460</subfield>
  </datafield>
  <datafield tag="702" ind1=" " ind2="1">
    <subfield code="a">&#x41A;&#x440;&#x443;&#x436;&#x43A;&#x43E;&#x432;</subfield>
    <subfield code="b">&#x412;. &#x421;.</subfield>
    <subfield code="4">220</subfield>
  </datafield>
  <datafield tag="702" ind1=" " ind2="1">
    <subfield code="4">220</subfield>
    <subfield code="8">rus</subfield>
    <subfield code="7">ca</subfield>
    <subfield code="a">&#x410;&#x43B;&#x435;&#x43A;&#x441;&#x430;&#x43D;&#x434;&#x440;&#x43E;&#x432;</subfield>
    <subfield code="b">&#x413;. &#x424;.</subfield>
    <subfield code="c">&#x444;&#x438;&#x43B;&#x43E;&#x441;&#x43E;&#x444;, &#x433;&#x43E;&#x441;. &#x434;&#x435;&#x44F;&#x442;&#x435;&#x43B;&#x44C;</subfield>
    <subfield code="f">1908-1961</subfield>
    <subfield code="g">&#x413;&#x435;&#x43E;&#x440;&#x433;&#x438;&#x439; &#x424;&#x435;&#x434;&#x43E;&#x440;&#x43E;&#x432;&#x438;&#x447;</subfield>
    <subfield code="3">RU\NLR\AUTH\7713373</subfield>
    <subfield code="9">123063</subfield>
  </datafield>
  <datafield tag="712" ind1="0" ind2="2">
    <subfield code="a">&#x418;&#x43D;&#x441;&#x442;&#x438;&#x442;&#x443;&#x442; &#x41C;&#x430;&#x440;&#x43A;&#x441;&#x430;-&#x42D;&#x43D;&#x433;&#x435;&#x43B;&#x44C;&#x441;&#x430;-&#x41B;&#x435;&#x43D;&#x438;&#x43D;&#x430; (&#x41C;&#x43E;&#x441;&#x43A;&#x432;&#x430;)</subfield>
  </datafield>
  <datafield tag="801" ind1=" " ind2="0">
    <subfield code="a">RU</subfield>
    <subfield code="b">NLR</subfield>
    <subfield code="g">psbo</subfield>
  </datafield>
  <datafield tag="801" ind1=" " ind2="1">
    <subfield code="a">RU</subfield>
    <subfield code="b">ELAR</subfield>
    <subfield code="2">rusmarc</subfield>
  </datafield>
  <datafield tag="852" ind1=" " ind2=" ">
    <subfield code="a">NLR</subfield>
    <subfield code="j">&#x41C;20 &#x413;-3/29</subfield>
  </datafield>
  <datafield tag="852" ind1=" " ind2=" ">
    <subfield code="a">NLR</subfield>
    <subfield code="j">86/&#x421;-76</subfield>
  </datafield>
  <datafield tag="942" ind1=" " ind2=" ">
    <subfield code="c">BOOK</subfield>
  </datafield>
  <datafield tag="980" ind1=" " ind2=" ">
    <subfield code="a">NB</subfield>
  </datafield>
  <datafield tag="995" ind1=" " ind2=" ">
    <subfield code="5">2013-10-26</subfield>
    <subfield code="b">NLR02</subfield>
    <subfield code="c">NLR02</subfield>
    <subfield code="e">RFS</subfield>
    <subfield code="f">7991264-10</subfield>
    <subfield code="k">&#x41C;20 &#x413;-3/29</subfield>
    <subfield code="o">0</subfield>
    <subfield code="r">BOOK</subfield>
    <subfield code="s">20_329</subfield>
  </datafield>
  <datafield tag="995" ind1=" " ind2=" ">
    <subfield code="5">2013-10-26</subfield>
    <subfield code="b">NLR01</subfield>
    <subfield code="c">NLR01</subfield>
    <subfield code="e">TEMP</subfield>
    <subfield code="f">7991264-20</subfield>
    <subfield code="k">86/&#x421;-76</subfield>
    <subfield code="o">0</subfield>
    <subfield code="r">BOOK</subfield>
    <subfield code="s">8676_</subfield>
  </datafield>
</record>
